<?xml version="1.0" encoding="UTF-8"?><?xml-stylesheet type="text/xsl" href="static/style.xsl"?><OAI-PMH xmlns="http://www.openarchives.org/OAI/2.0/" xmlns:xsi="http://www.w3.org/2001/XMLSchema-instance" xsi:schemaLocation="http://www.openarchives.org/OAI/2.0/ http://www.openarchives.org/OAI/2.0/OAI-PMH.xsd"><responseDate>2026-04-17T05:49:32Z</responseDate><request verb="GetRecord" identifier="oai:www.recercat.cat:10256/19939" metadataPrefix="marc">https://recercat.cat/oai/request</request><GetRecord><record><header><identifier>oai:recercat.cat:10256/19939</identifier><datestamp>2024-05-22T11:28:07Z</datestamp><setSpec>com_2072_452966</setSpec><setSpec>com_2072_2054</setSpec><setSpec>col_2072_452968</setSpec></header><metadata><record xmlns="http://www.loc.gov/MARC21/slim" xmlns:dcterms="http://purl.org/dc/terms/" xmlns:xsi="http://www.w3.org/2001/XMLSchema-instance" xmlns:doc="http://www.lyncode.com/xoai" xsi:schemaLocation="http://www.loc.gov/MARC21/slim http://www.loc.gov/standards/marcxml/schema/MARC21slim.xsd">
   <leader>00925njm 22002777a 4500</leader>
   <datafield ind2=" " ind1=" " tag="042">
      <subfield code="a">dc</subfield>
   </datafield>
   <datafield ind2=" " ind1=" " tag="720">
      <subfield code="a">Samtani Bhagia, Reena</subfield>
      <subfield code="e">author</subfield>
   </datafield>
   <datafield ind2=" " ind1=" " tag="260">
      <subfield code="c">2021-01</subfield>
   </datafield>
   <datafield ind2=" " ind1=" " tag="520">
      <subfield code="a">Background: Diving is a popular recreational sport on the Spanish coast. Despite the safety&#xd;
measures, deaths related to this activity are frequently reported. PBt/AGE has been described&#xd;
as the cause of death in SCUBA divers in 13-24% of the cases. The main impediment in the&#xd;
diagnosis of PBt/AGE is the existence of entities that can mask it and divert the cause of death,&#xd;
especially putrefaction. Studies have delved into this field to reinforce macroscopic autopsy,&#xd;
imaging, and gas analysis techniques. Microscopic studies have fallen short in refining the&#xd;
diagnoses. Therefore, we propose the histomorphometric analysis of lung tissue to provide&#xd;
objective quantitative data and more reliable information for the diagnoses of PBt/AGE and&#xd;
its differentiation from putrefaction.&#xd;
Objectives: To describe and quantify the histomorphological changes observed in lung tissue&#xd;
samples for the differential diagnosis between pulmonary barotrauma in deaths due to&#xd;
SCUBA diving and taphonomic lung damage secondary to putrefaction.&#xd;
Design: Cross sectional and descriptive study to be performed in Girona from 2020-2021.&#xd;
Population: The study population will be divided in three groups: 1) Divers deaths from&#xd;
PBt/AGE, 2) Non-diving-related deaths and in an emphysematous evolutionary period, and 3)&#xd;
Non-diving-related deaths with low probability of putrefaction. All samples will be obtained&#xd;
from the Forensic Pathology Service of the Legal Medicine and Forensic Sciences Institute of&#xd;
Catalonia.&#xd;
Methods: Pulmonary histological preparations will be sampled and analysed. The&#xd;
histomorphometric analysis will be done through a FIJI ImageJ2 (National Institutes of Health)&#xd;
image analysis programme</subfield>
   </datafield>
   <datafield ind1="8" ind2=" " tag="024">
      <subfield code="a">http://hdl.handle.net/10256/19939</subfield>
   </datafield>
   <datafield tag="653" ind2=" " ind1=" ">
      <subfield code="a">Scuba diving</subfield>
   </datafield>
   <datafield tag="653" ind2=" " ind1=" ">
      <subfield code="a">Submarinisme -- Accidents i lesions</subfield>
   </datafield>
   <datafield tag="653" ind2=" " ind1=" ">
      <subfield code="a">Diving injuries</subfield>
   </datafield>
   <datafield tag="653" ind2=" " ind1=" ">
      <subfield code="a">Síndrome de descompressió</subfield>
   </datafield>
   <datafield tag="653" ind2=" " ind1=" ">
      <subfield code="a">Decompression sickness</subfield>
   </datafield>
   <datafield tag="653" ind2=" " ind1=" ">
      <subfield code="a">Barotraumatisme</subfield>
   </datafield>
   <datafield tag="653" ind2=" " ind1=" ">
      <subfield code="a">Barotrauma</subfield>
   </datafield>
   <datafield tag="653" ind2=" " ind1=" ">
      <subfield code="a">Embòlia pulmonar</subfield>
   </datafield>
   <datafield tag="653" ind2=" " ind1=" ">
      <subfield code="a">Pulmonary embolism</subfield>
   </datafield>
   <datafield tag="653" ind2=" " ind1=" ">
      <subfield code="a">Pulmons -- Histologia</subfield>
   </datafield>
   <datafield tag="653" ind2=" " ind1=" ">
      <subfield code="a">Lungs -- Histology</subfield>
   </datafield>
   <datafield ind2="0" ind1="0" tag="245">
      <subfield code="a">Histomorphometric study for the differential diagnosis between pulmonary barotrauma in scuba diving and pulmonary taphonomic changes</subfield>
   </datafield>
</record></metadata></record></GetRecord></OAI-PMH>